গণপ্রজাতন্ত্রী বাংলাদেশের সংবিধান = The Constitution of the People's Republic of Bangladesh : (Record no. 47808)
[ view plain ]
| 000 -LEADER | |
|---|---|
| fixed length control field | 01459nam a22002417a 4500 |
| 001 - CONTROL NUMBER | |
| control field | 47808 |
| 003 - CONTROL NUMBER IDENTIFIER | |
| rucl marc code | BD-RjUL |
| 005 - DATE AND TIME OF LATEST TRANSACTION | |
| control field | 20211209054410.0 |
| 008 - FIXED-LENGTH DATA ELEMENTS--GENERAL INFORMATION | |
| fixed length control field | 170119s1994 bg ||||| ||||o00| 0 ben d |
| 020 ## - INTERNATIONAL STANDARD BOOK NUMBER | |
| Terms of availability | : Tk. 156.00 |
| 035 ## - SYSTEM CONTROL NUMBER | |
| System control number | (BD-RjUL)47927 |
| 040 ## - CATALOGING SOURCE | |
| Original cataloging agency | BD-RjUL |
| Language of cataloging | ben |
| Transcribing agency | BD-RjUL |
| Modifying agency | BD-RjUL |
| 041 ## - LANGUAGE CODE | |
| Language code of text/sound track or separate title | beneng |
| 082 ## - DEWEY DECIMAL CLASSIFICATION NUMBER | |
| Edition number | 23 |
| Classification number | 342.5492023 |
| Author mark and year | BAG 1994 |
| 110 1# - MAIN ENTRY--CORPORATE NAME | |
| Corporate name or jurisdiction name as entry element | বাংলাদেশ. |
| Subordinate unit | আইন, বিচার ও সংসদ বিষয়ক মন্ত্রণালয় |
| 9 (RLIN) | 213686 |
| 245 ## - TITLE STATEMENT | |
| Title | গণপ্রজাতন্ত্রী বাংলাদেশের সংবিধান = The Constitution of the People's Republic of Bangladesh : |
| Remainder of title | [১৯৯৪ সালের ৩০শে জুন পর্যন্ত সংশোধিত] = [As modified up to 30th june, 1994] / |
| Statement of responsibility, etc. | বাংলাদেশ. আইন, বিচার ও সংসদ বিষয়ক মন্ত্রণালয় |
| 260 ## - PUBLICATION, DISTRIBUTION, ETC. (IMPRINT) | |
| Place of publication, distribution, etc. | ঢাকা: |
| Name of publisher, distributor, etc. | গভর্ণমেন্ট প্রিন্টিং প্রেস, |
| Date of publication, distribution, etc. | ১৯৯৪ |
| 300 ## - PHYSICAL DESCRIPTION | |
| Pagination | [২১], ১৮২, ৩ পৃ. ; |
| Size | ২৪ সেমি. |
| 500 ## - GENERAL NOTE | |
| General note | " মূল পাঠ্য সমান্তরাল দুই ভাষায় (বাংলা ও ইংরেজি) লিখিত" |
| 650 ## - SUBJECT ADDED ENTRY--TOPICAL TERM | |
| Topical term or geographic name as entry element | সংবিধান |
| Geographic subdivision | বাংলাদেশ |
| Chronological subdivision | ১৯৯৪ |
| 9 (RLIN) | 183475 |
| Topical term or geographic name as entry element | Constitution |
| Geographic subdivision | Bangladesh |
| Chronological subdivision | 1994 |
| 9 (RLIN) | 183629 |
| 942 ## - ADDED ENTRY ELEMENTS (KOHA) | |
| Source of classification or shelving scheme | Dewey Decimal Classification |
| Koha item type | Rare Books |
| Lost status | Source of classification or shelving scheme | Damaged status | Not for loan | Collection code | Permanent Location | Current Location | Shelving location | Date acquired | Source of acquisition | Cost, normal purchase price | Total Checkouts | Full call number | Date last seen | Copy number | Koha item type |
|---|---|---|---|---|---|---|---|---|---|---|---|---|---|---|---|
| Dewey Decimal Classification | Not For Loan | Rare Books | Central Library, University of Rajshahi | Central Library, University of Rajshahi | Rare Book Section | 28/07/1996 | Dhaka, Book Syndicate | 156.00 | BRA 342.5492023 BAG 1994 | 19/01/2017 | C-1 | Rare Books |